Cuida do teu planeta (Record no. 43287)

MARC details
000 -Etiqueta do registo
Valores 00400nam a2200169 4500
100 ## - Dados gerais de processamento
Dados gerais 20240621 pory50
101 ## - Língua de publicação
Língua por
102 ## - País de publicação
País PT
200 ## - Titulo e menção de responsabilidade
Título próprio Cuida do teu planeta
Primeira menção de responsabilidade Lauren Child
Outras menções de responsabilidade Briget Hurst
-- Tiger Aspect
205 ## - Menção da edição
Edição 1.ª ed.
210 ## - Publicação
Local de publicação [S.l.]
Nome do editor Oficina do livro
Data de publicação 2008
215 ## - Descrição física 
Paginação / Volumes 1 v.
675 ## - CDU
Notação 502/504
801 ## - Fonte de origem
País PT
Regras de catalogação RPC
990 ## - Elementos KOHA
Tipo de documento Livro
Holdings
Aquisição Empréstimo Código de barras Cota Permissão de empréstimo Tipo de documento
Biblioteca do Centro Escolar de Redondo Biblioteca do Centro Escolar de Redondo 80141 502/504 CHI ECOLOGIA   Livro

Powered by Koha